000 00912nam a22002897a 4500
005 20230512223700.0
008 210201t xxu||||| |||| 00| 0 eng d
020 _a9781118657096
040 _cCSPC
082 0 _a693.82
_bF576f
100 _aFitzgerald, Robert W.,
_eauthor.
245 0 0 _aFire performance analysis for buildings
_cRobert W. Fitzgerald
250 _aSecond
_bEdition
260 _aUnited Kingdom :
_bJohn Wiley & Sons,
_c2017.3
300 _axxvi, 692 pages :
_bfigures, tables ;
_c26 cm.
336 _2rdacontent
_atext
337 _2rdamedia
_aunmediated
338 _2rdacarrier
_avolume
500 _aIncludes index.
650 1 0 _aBuilding, Fireproof.
650 1 0 _aFire prevention
_xInpection.
700 1 _aMeacham, Brian J.,
_eauthor.
940 _aLenie
942 _cBOOK
_jGRD 693.82 F576f 2017
999 _c11183
_d11183